Quantum chemistry / (Record no. 25406)
[ view plain ]
| 000 -LEADER | |
|---|---|
| fixed length control field | 01001cam a22003015a 4500 |
| 001 - CONTROL NUMBER | |
| control field | 14881911 |
| 005 - DATE AND TIME OF LATEST TRANSACTION | |
| control field | 20240818093026.0 |
| 008 - FIXED-LENGTH DATA ELEMENTS--GENERAL INFORMATION | |
| fixed length control field | 070606s2008 caua frb 001 0 eng d |
| 010 ## - | |
| -- | 2007023879 |
| 020 ## - INTERNATIONAL STANDARD BOOK NUMBER | |
| International Standard Book Number | 9781891389504 |
| 040 ## - CATALOGING SOURCE | |
| Original cataloging agency | DLC |
| Transcribing agency | DLC |
| Modifying agency | YDX |
| -- | BAKER |
| -- | BTCTA |
| -- | UKM |
| -- | YDXCP |
| -- | IXA |
| -- | SHH |
| -- | DLC |
| -- | EG-ScBUE |
| 082 04 - DEWEY DECIMAL CLASSIFICATION NUMBER | |
| Classification number | 541.28 |
| Edition number | 22 |
| Item number | MCQ |
| 100 1# - MAIN ENTRY--PERSONAL NAME | |
| Personal name | McQuarrie, Donald A. |
| 9 (RLIN) | 7324 |
| 245 10 - TITLE STATEMENT | |
| Title | Quantum chemistry / |
| Statement of responsibility, etc | Donald A. McQuarrie. |
| 250 ## - EDITION STATEMENT | |
| Edition statement | 2nd ed. |
| 260 ## - | |
| -- | Sausalito : |
| -- | University Science Books, |
| -- | c.2008. |
| 300 ## - PHYSICAL DESCRIPTION | |
| Extent | xiii, 690 p. : |
| Other physical details | ill. ; |
| Dimensions | 26 cm. |
| 336 ## - CONTENT TYPE | |
| Source | rdacontent |
| Content type term | text |
| Content type code | txt |
| 337 ## - MEDIA TYPE | |
| Media type term | unmediated |
| Source | rdamedia |
| Media type code | n |
| 338 ## - CARRIER TYPE | |
| Carrier type term | volume |
| Carrier type code | nc |
| Source | rdacarrier |
| 504 ## - BIBLIOGRAPHY, ETC. NOTE | |
| Bibliography, etc | Includes bibliographical references and index. |
| 590 ## - LOCAL NOTE (RLIN) | |
| Local note | SAMEH |
| 650 #0 - SUBJECT ADDED ENTRY--TOPICAL TERM | |
| Topical term or geographic name as entry element | Quantum chemistry. |
| Source of heading or term | BUEsh |
| 651 ## - SUBJECT ADDED ENTRY--GEOGRAPHIC NAME | |
| Source of heading or term | BUEsh |
| 653 ## - INDEX TERM--UNCONTROLLED | |
| Resource For college | Engineering, General |
| Arrived date list | August2017 |
| 856 41 - ELECTRONIC LOCATION AND ACCESS | |
| Materials specified | Table of contents only |
| Uniform Resource Identifier | <a href="http://www.loc.gov/catdir/toc/ecip0720/2007023879.html">http://www.loc.gov/catdir/toc/ecip0720/2007023879.html</a> |
| 942 ## - ADDED ENTRY ELEMENTS (KOHA) | |
| Source of classification or shelving scheme | Dewey Decimal Classification |
| Classification part | RDA-MOD |
| Withdrawn status | Lost status | Source of classification or shelving scheme | Damaged status | Not for loan | Collection code | Home library | Current library | Shelving location | Date acquired | Source of acquisition | Total Checkouts | Total Renewals | Full call number | Barcode | Checked out | Date last seen | Date checked out | Price effective from | Koha item type |
|---|---|---|---|---|---|---|---|---|---|---|---|---|---|---|---|---|---|---|---|
| Dewey Decimal Classification | Baccah | Central Library | Central Library | First floor | 13/08/2017 | Purchase | 3 | 4 | 541.28 MCQ | 000046511 | 03/01/2022 | 04/12/2021 | 04/12/2021 | 13/08/2017 | Book - Borrowing |